消滅した難読駅名 - Statistics

General Stats
  • This quiz has been taken 176 times
  • The average score is 6 of 20
Answer Stats
駅名 読み % Correct
足寄 あしょろ
100%
興部 おこっぺ
100%
猿払 さるふつ
100%
伊良覇 いらは
100%
南風原 はえばる
100%
百済 くだら
100%
新冠 にいかっぷ
91%
置戸 おけと
90%
壮瞥 そうべつ
90%
於札内 おさつない
89%
歯舞 はぼまい
89%
弟子屈 てしかが
88%
訓子府 くんねっぷ
82%
朱鞠内 しゅまりない
82%
寿都 すっつ
82%
平取 びらとり
80%
敏音知 ぴんねしり
80%
喜屋武 きゃん
80%
北見枝幸 きたみえさし
78%
秋保温泉 あきうおんせん
76%
愛冠 あいかっぷ
75%
九十九湾小木 つくもわんおぎ
75%
大衡 おおひら
75%
うしお
75%
神居古潭 かむいこたん
71%
神威 かもい
71%
辺渓 ぺんけ
71%
奔茂尻 ぽんもしり
67%
簾舞 みすまい
67%
力昼 りきびる
67%
与那城 よなぐすく
67%
蓼原 たではら
67%
とも
67%
麻績 おみ
67%
能取 のとろ
64%
長流 おさる
63%
晩生内 おそきない
63%
計呂地 けろち
63%
桜庭 さくらば
63%
美利河 ぴりか
63%
妻沼 めぬま
62%
沼垂 ぬったり
62%
北母子里 きたもしり
60%
清真布 きよまっぷ
60%
定山渓 じょうざんけい
60%
辺富内 へとない
60%
貫井 ぬくい
60%
河守 こうもり
60%
うずら
57%
温海 あつみ
57%
北谷 ちゃたん
56%
尻毛 しっけ
53%
活汲 かっくみ
50%
上雄信内 かみおのっぷない
50%
釧北 せんぽく
50%
班渓 ぱんけ
50%
晩翠 ばんすい
50%
和宇慶 わうけ
50%
碑文谷 ひもんや
50%
安良田 あらた
50%
国包 くにかね
50%
神足 こうたり
50%
大童 おおわら
44%
酒匂松濤園 さかわしょうとうえん
44%
徳舜瞥 とくしゅんべつ
43%
翁長 おなが
43%
東風平 こちんだ
43%
加悦 かや
43%
城間 ぐすくま
42%
御簾ノ尾 みすのお
42%
美流渡 みると
40%
やわら
40%
ふもと
40%
四竈 しかま
40%
玖老勢 くろぜ
40%
杭全町 くまたまち
40%
駅逓 えきてい
38%
沙留 さるる
38%
山谷 さんや
38%
岱野 たいの
38%
機織 はたおり
38%
十三里 とみさと
36%
屋宜 やぎ
36%
千々石 ちぢわ
36%
上美流渡炭山 かみみるとたんざん
33%
屈足 くったり
33%
紫雲古津 しうんこつ
33%
婦羅理 ふらり
33%
砧本村 きぬたほんむら
33%
傍陽 そえひ
33%
鈎取 かぎとり
33%
井伊谷 いいのや
33%
六把野 ろっぱの
33%
柵原 やなはら
33%
砥用 ともち
33%
川水流 かわずる
33%
北辺計礼 きたぺけれ
33%
大廻 おおめぐり
33%
総曲輪 そうがわ
33%
大椴 おおとど
30%
辨辺 べんべ
30%
鳥矢崎 とやさき
30%
幡随院 ばんずいいん
30%
新二岐 しんふたまた
29%
元西馬音内 もとにしもない
29%
名家 みょうけ
29%
麻生釣 あそづる
29%
水呑薬師 みのみやくし
29%
生石口 おいしぐち
29%
泊居 とまりおる
29%
鬮場 くじば
29%
屋宜原 やぎばる
27%
五十公野 いじみの
27%
饗庭 あいば
27%
西這田 にしほうだ
27%
さざなみ
27%
忍路 おしょろ
25%
通堂 とんどう
25%
鳴子 なるご
25%
祝田 ほうだ
25%
布土 ふっと
25%
乙原 おんばら
25%
目尾 しゃかのお
25%
北一己 きたいちゃん
22%
四号線 しごうせん
22%
芭露 ばろ
22%
西船生 にしふにゅう
22%
吾平 あいら
22%
大誉地 およち
20%
佐念頃 さねんころ
20%
十哩 じゅうまいる
20%
仁宇布 にうぷ
20%
大門前 うふじょうのまえ
20%
座安 ざあ
20%
孔舎衛坂 くさえざか
20%
大沢野町八木山 おおさわのまちやきやま
20%
灯台笹 とだしの
20%
狗子ノ川 くじのかわ
18%
歌棄 うたすつ
17%
慶能舞 けのまい
17%
初茶志内 はっちゃしない
17%
高階 たかしな
17%
つづら
17%
周匝 すさい
17%
熊党 くまんと
17%
生鼈 いくべつ
14%
雄武 おむ
14%
芭呂沢 ばろさわ
14%
蕗ノ台 ふきのだい
14%
奔無加 ぽんむか
14%
安次嶺 あんしみ
14%
牧港 まちなと
14%
御廟口 ごびょうぐち
14%
磊々峡 らいらいきょう
14%
砂子 まなご
14%
狸塚 むじなづか
14%
志撫子 しぶし
13%
曙光 しょこう
13%
新成生 しんなりう
13%
西老軽舞 にしおいかるまい
13%
錦多峰 にしきたっぷ
13%
阿波根 あーぐん
13%
垣花 かちぬふぁな
13%
当間 とーま
13%
神之池 ごうのいけ
13%
志戸田 しどた
13%
春照 すいじょう
13%
屯鶴峰 どんづるぼう
13%
黄金蘂 おこんしべ
11%
荷菜 にな
11%
寧楽 ねいらく
11%
兼城 かねぐしく
11%
小粟田 こわだ
11%
間野谷 あいのや
10%
富山田地方 とやまでんじがた
10%
穏禰平 おんねびら
9%
周磨 しゅうまろ
9%
比屋根 ひやごん
9%
田面沢 たのもざわ
9%
米町 こんまち
9%
菡萏 かんたん
9%
古樋 ふるどい
8%
玉生 たまにゅう
8%
近ノ島 ごんのしま
8%
江平 ごうびら
8%
いかるが
8%
日鉱大志生木 にっこうおおじゅうき
6%
興津 おこつ
0%
小鉾岸 おふきし
0%
戸蔦 とった
0%
誉平 ぽんぴら
0%
基松 もといまつ
0%
止若 やむわっか
0%
伊舎堂 いさどう
0%
大謝名 おおじゃな
0%
我謝 がじゃ
0%
蚊坂 がじゃんびら
0%
潮平 すんざ
0%
添石 そいし
0%
地覇 ちーは
0%
殿内前 とんちのめえ
0%
西武門 にしんじょう
0%
保栄茂 びん
0%
平安山 へんざん
0%
真玉橋 まだんばし
0%
松田矼 まつだばし
0%
与原 よーばる
0%
渡地前 わたんじまえ
0%
請地 うけじ
0%
誉田八幡 こんだはちまん
0%
廿山 つづやま
0%
土生郷 はぶごう
0%
吉田林 きたばやし
0%
行衛 ぎょえ
0%
四方田 しかた
0%
宝登山 ほどさん
0%
後平 うしろたい
0%
八木蒔 やきまき
0%
芦場 よしば
0%
太子 おおし
0%
狭口 せばぐち
0%
八ヶ山 はっかやま
0%
四方 よかた
0%
直海 のうみ
0%
宇出津 うしつ
0%
荊沢 ばらざわ
0%
馬場 ばっぱ
0%
行人塚 ぎょうにんづか
0%
下神白 しもかじろ
0%
馬落前 もうじまえ
0%
尻毛橋 しっけばし
0%
河間 がま
0%
城門 きど
0%
五十岡 いごおか
0%
聾石 つんぼいし
0%
重根 しこね
0%
動木 とどろき
0%
石畦 いしぐろ
0%
神宅 かんやけ
0%
皇后崎 こうがさき
0%
上妻 こうづま
0%
光法 みつのり
0%
次郎ヶ別府 じろがびゅう
0%
行縢 むかばき
0%
大河 おおこう
0%
人絹裏 じんけんうら
0%
鵄邑 とびのむら
0%
白神 しらなみ
0%
許曽志 こそし
0%
鉢崎 はっさき
0%
神原 ごうのはる
0%
冠石野 かぶしの
0%
小比内 さいない
0%
七崎 ならざき
0%
紫尾 しいお
0%
観音下 かながそ
0%
御麻生薗 みょうその
0%
駅部田 まやのへた
0%
阿幸 おこう
0%
大穂泊 おほとまり
0%
小粟田原 こおだはら
0%
自凝島 おのころじま
0%
掃守 かもり
0%
逢初橋 あいぞめばし
0%
射和 いざわ
0%
水主町 かこまち
0%
二重池 かさねいけ
0%
數杷 かずわ
0%
柊原 くぬぎばる
0%
上有知 こうずち
0%
鐺山 こてやま
0%
子生 こなじ
0%
李埣 すもぞね
0%
千金甲 せごんこう
0%
泥江町 ひじえちょう
0%
嵭崎 ほうき
0%
万斛 まんごく
0%
永興 りょうご
0%
No matching quizzes found
Score Distribution
Percent of People with Each Score
Percentile by Number Answered
Your Score History
You have not taken this quiz